Tennis Grand Slams 2017 - Statistics

General Stats
  • This quiz has been taken 16 times
    8 since last reset
  • The average score is 9 of 25
Answer Stats
Player % Correct
Rafael Nadal
100%
Dominic Thiem
88%
Roger Federer
88%
Serena Williams
88%
Venus Williams
88%
Andy Murray
75%
Stan Wawrinka
63%
Juan Martín del Potro
50%
Marin Čilić
50%
Simona Halep
50%
Grigor Dimitrov
25%
Jeļena Ostapenko
25%
Kevin Anderson
25%
Sam Querrey
25%
Garbiñe Muguruza
13%
Karolína Plíšková
13%
Pablo Carreño Busta
13%
Sloane Stephens
13%
Tomáš Berdych
13%
Coco Vandeweghe
0%
Johanna Konta
0%
Madison Keys
0%
Magdaléna Rybáriková
0%
Mirjana Lučić-Baroni
0%
Timea Bacsinszky
0%
No matching quizzes found
Score Distribution
Percent of People with Each Score
Percentile by Number Answered
Your Score History
You have not taken this quiz since the last reset